000 00998nam a22003017a 4500
001 8058
003 FISKH
005 20250820091139.0
008 250820b cb ||||| |||| 00| 0 eng d
020 _a040296010529
040 _aFISKH
_beng
_cFISKH
_dFISKH
050 _aGV705 .B67
082 _a796
100 _aBowman, Amy
245 _aSince when is catching flies a sport ? /
_cBy Amy Bowman
260 _aNew York :
_bKidsbooks, Inc. ,
_c2001.
300 _a29 pages :
_bcolor illustrations ,
_c26 cm .
490 _aA sports Q&A book
505 _aK
520 _aQuestions and answers about sports provide a variety of facts, including the definitions of phrases such as "frozen rope," "Big Mac," and "hat trick."
521 8 _a510
_bLexile estimate
521 8 _aK
_bRaz-Plus
650 _aAthletic sports
_vNon-fiction
650 _aQuestions and answers
_vNon-fiction
700 _aThompson, Justin Ray
_eIllustrator
942 _2ddc
_cBK
_n0
999 _c8058
_d8058